000 00792nam a22002417a 4500
001 126859
003 UA-OsUOA
005 20260408102304.0
007 ta
008 20171110b un ||||| |||| 00| 0 ukr d
040 _aUA-OsUOA
_brus
_cUA-OsUOA
_dUA-OsUOA
041 _arus
080 _a821.161.1
090 _a821.161.1
_bП19
100 _aПастернак Б.
_924916
245 _aВоздушные пути
_bпроза разных лет
_cБорис Пастернак
260 _aМ.
_bСоветский писатель
_c1982
300 _a495 с.
650 7 _a821 Художня література окремими мовами і мовними сім'ями
_2UDC
_917
942 _cBK
_2udc
955 _a3
999 _c414015
_d414015